000 00497nmm a2200157Ia 4500
008 251105s9999||||xx |||||||||||||||||und||
020 _a9788431535599
041 _aspa
100 _aDe Vecchi, Editorial
245 0 _aVuestro herbario. 160 plantas medicinales
264 _a[Madrid, España] :
_bDe Vecchi,
_c[Fecha de publicación no identificada]
300 _a0 páginas
650 _aMind, body and spirituality
856 _uhttps://public.digitaliapublishing.com/a/122122
942 _cCF
999 _c81414
_d81414